书目信息 |
| 题名: |
马克思早期思想探源
|
|
| 作者: | 李鹏程 著 | |
| 分册: | ||
| 出版信息: | 北京 人民出版社 2008.09 |
|
| 页数: | 337页 | |
| 开本: | 21cm | |
| 丛书名: | ||
| 单 册: | ||
| 中图分类: | A811.24 | |
| 科图分类: | ||
| 主题词: | 马克思主义政治经济学--ma ke si zhu yi zheng zhi jing ji xue--研究 , 马克思主义哲学--ma ke si zhu yi zhe xue--研究 | |
| 电子资源: | ||
| ISBN: | 978-7-01-006375-1 | |
| 000 | 01117nam0 2200253 450 | |
| 001 | 012009211252 | |
| 005 | 20090621173405.04 | |
| 010 | @a978-7-01-006375-1@dCNY25.00 | |
| 100 | @a20090621d2008 em y0chiy0120 ea | |
| 101 | 0 | @achi |
| 102 | @aCN@b110000 | |
| 105 | @ay z 000yy | |
| 106 | @ar | |
| 200 | 1 | @a马克思早期思想探源@Ama ke si zao qi si xiang tan yuan@e《1844年经济学哲学手稿》导论@f李鹏程著@Fli peng cheng zhu |
| 210 | @a北京@c人民出版社@d2008.09 | |
| 215 | @a337页@d21cm | |
| 330 | @a本文就是力图以《手稿》的内容和马克思写作《手稿》的理论活动的事实为依据.以当时历史时代的社会思想史的具体内容为背景,考察《手稿》的思想渊源,比较具体地阐明马克思对他的理论先驱的批判继承关系,从而揭示马克思在《手稿》中理论创造的内容及其意义。 | |
| 517 | 1 | @a《1844年经济学哲学手稿》导论@A《1844 nian jing ji xue zhe xue shou gao》dao lun |
| 606 | 0 | @a马克思主义政治经济学@Ama ke si zhu yi zheng zhi jing ji xue@x研究 |
| 606 | 0 | @a马克思主义哲学@Ama ke si zhu yi zhe xue@x研究 |
| 690 | @aA811.24@v4 | |
| 701 | 0 | @a李鹏程@Ali peng cheng@4著 |
| 801 | 0 | @aCN@bQSSK@c20090621 |
| 905 | @b746190-92@dA811.24@eL220@f3 | |
| 马克思早期思想探源:《1844年经济学哲学手稿》导论/李鹏程著.-北京:人民出版社,2008.09 |
| 337页;21cm |
| ISBN 978-7-01-006375-1:CNY25.00 |
| 本文就是力图以《手稿》的内容和马克思写作《手稿》的理论活动的事实为依据.以当时历史时代的社会思想史的具体内容为背景,考察《手稿》的思想渊源,比较具体地阐明马克思对他的理论先驱的批判继承关系,从而揭示马克思在《手稿》中理论创造的内容及其意义。 |
| ● |
| 相关链接 |
|
|
|
正题名:马克思早期思想探源
索取号:A811.24/L220
 
预约/预借
| 序号 | 登录号 | 条形码 | 馆藏地/架位号 | 状态 | 备注 |
| 1 | 746190 | 207461904 | 法学院资料室/ [索取号:A811.24/L220] | 在馆 | |
| 2 | 746191 | 207461913 | 社科库509/509社科库 4排2列2层/ [索取号:A811.24/L220] | 在馆 | |
| 3 | 746192 | 207461922 | 法学院资料室/ [索取号:A811.24/L220] | 在馆 |